03070nam a2200469uu 4500001000800000005001700008007001000025008004100035035001200076040001300088041000800101080000900109082000800118100005400126245009800180260003500278300001300313520115300326650002701479650004201506650002301548650004201571650004601613650002601659650003401685650006901719650009701788650003501885650003301920650002801953650004601981650003402027700005302061700005402114700005402168942001002222999001902232502001202251526000802263952016302271952016602434135089520260508084432.0co|||||||131121s2013 spa  a1350895 ccomduadb aspa aT/CD 4a15510aPiedrahita Muñoz, Willer Joan4auteaut971115610aInfluencia de las redes sociales de internet en la construcción de la identidad adolescente aMedellín :bAutor(a),c2013. a1 CD-ROM3 aEl presente trabajo se realiza con el objetivo de identificar y comprender como se da la construcción de la identidad adolescente en edades entre 12 y 15 años frente al uso de las redes sociales de internet. El trabajo se realizó como una investigación cualitativa con un enfoque histórico hermenéutico, tomando en cuenta la etnografía virtual para la observación directa de los procesos que se llevan a cabo en las redes sociales de internet; para la recolección de información se hizo uso de la encuesta y el taller reflexivo. El grupo de estudio fueron los estudiantes del grado séptimo de la Institución Educativa Tulio Ospina, Sede Francisco José de Caldas, de la ciudad de Medellín, donde inicialmente se realizó una encuesta a 17 adolescentes y posteriormente se hizo la aplicación de un taller a 30 de los alumnos, los cuales hacían parte del curso, todos estos en un rango de edad de 1 -15 años. La presentación de los resultados se realizó mediante un análisis metodológico, en el cual se encuentra el análisis de la encuesta y del taller, análisis categorial y clasificación adolescente. 7aIdentidad2lemb932648 7aIdentidad (Psicología)2lemb972613 aAdolescencia94749 aAdolescencia y psicopatologia9178688 7aRedes sociales en Internet2embne9187978 0aRedes sociales952123 aIdentidades virtuales9188193 0aTecnologías de la información y de la comunicación9200985 aTecnología de la información y la comunicación (TIC) - Aspectos psicológicos9187455 aUso de la tecnología9186640 aInternet y jóvenes9192939 7aInternet2armarc923963 7aPsicología del adolescente2lemb931974 aIdentidades juveniles910214310aAgudelo López, Leidy Julieth4auteaut969170210aPérez Torres, Maura Alejandra4auteaut971132410aLotero Castañeda, Juan Carlos4thseths9462389 cTESIS c662853d662853 b105c12 a106 001040708DIGITALaCISHbCISHd2013-11-21eMaterial adquirido por donacióniC1192202l0oT/CD-09948p15985785r2023-05-02 00:00:00t1w2023-05-02yDIGITAL 001040708TESDIGBCaBCbBCd2013-12-05eMaterial adquirido por donacióniC1193358l0o155.5 P613 CR-ROMp0984290r2024-10-23 00:00:00t1w2023-05-02yDIGITAL